Paroles de Lego Ninjago 1-2 - Statistiques

Statistiques générales
  • Ce quiz a été pris 197 fois
  • Le résultat moyen est 7 sur 10
Statistiques - réponses
Question Réponse % Correct
Zane est un de vos frères et les frères sont souvent différents, j'en sais quelque chose. Wu
97%
Je te remercie, mon ami mystérieux. Zane
95%
Le monastère est désormais ta maison. Wu
89%
Wooo, t'en es sur ? Elle est génial, cette cabane, il y a un pont de corde et il y a même une balançoire. Jay
83%
Si jamais je vois une fille ici, je vais piquer une crise. Lloyd
70%
À partir de maintenant, tu me seras entièrement dévoué. Skales
59%
Cette salle n'est pas assez grande pour nous quatre. Kai
57%
Personne n'ira nulle part avant de s'être mesuré à moi. Cole
51%
C'est une leçon dont nous devons tirer les enseignements. Zane
43%
On arrive trop tard, satané serpents! Kai
30%
Aucun quiz correspondant
Distribution des résultats
% des personnes avec chaque résultat
Percentile par nombre de réponses
Votre historique - résultats
Vous n’avez pas pris ce quiz